000 01271nam a2200349Ia 4500
003 GCL
008 140319s9999 xx 000 0 ara d
020 _a8095409977
040 _aGCL /
_cGCL
082 0 4 _a780.92
_bا س
100 1 _aمحمود كامل
245 1 0 _aسيد درويش /
_cمحمود كامل
700 1 _aحسن درويش
700 1 _aايزيس فتح الله
250 _aالاولى
260 _aالقاهرة :
_bدار الشروق ،
_c2003
300 _aمتعدد ؛
_c22 سم
490 _aموسوعة اعلام الموسيقى العربية
_v3
650 0 4 _aالموشحات
650 0 4 _aالموسيقى الغنائية
650 0 4 _aالالحان الموسيقية
650 0 4 _aالموسيقى العربية - تاريخ ونقد
650 0 4 _aالموسيقيون - تراجم
650 0 4 _aالموسيقى العربية - ايقاعات
650 0 4 _aالموسيقى العربية
650 0 4 _aالتاليف الموسيقى
650 0 4 _aالموسيقى العربية - اداء
650 0 4 _aالموسيقى العربية - توزيع
650 0 4 _aالموسيقى العربية - تدوين
650 0 4 _aالموسيقى العربية - مجموعات
942 _2ddc
_cBK
999 _c8205
_d8205